<?xml version="1.0" encoding="UTF-8"?>
<record
    xmlns:xsi="http://www.w3.org/2001/XMLSchema-instance"
    xsi:schemaLocation="http://www.loc.gov/MARC21/slim http://www.loc.gov/standards/marcxml/schema/MARC21slim.xsd"
    xmlns="http://www.loc.gov/MARC21/slim">

  <leader>02028nam a22002777a 4500</leader>
  <controlfield tag="001">1715</controlfield>
  <controlfield tag="003">FISKH</controlfield>
  <controlfield tag="005">20230919112336.0</controlfield>
  <controlfield tag="008">230919b        cb ||||| |||| 00| 0 khr d</controlfield>
  <datafield tag="020" ind1=" " ind2=" ">
    <subfield code="a">9789924340812</subfield>
  </datafield>
  <datafield tag="040" ind1=" " ind2=" ">
    <subfield code="a">FISKH </subfield>
    <subfield code="b">eng</subfield>
    <subfield code="c">FISKH </subfield>
    <subfield code="d">FISKH </subfield>
  </datafield>
  <datafield tag="082" ind1=" " ind2=" ">
    <subfield code="a">612.6</subfield>
  </datafield>
  <datafield tag="100" ind1=" " ind2=" ">
    <subfield code="a">Pytamic, Maja </subfield>
  </datafield>
  <datafield tag="245" ind1=" " ind2=" ">
    <subfield code="a">&#x179F;&#x17C0;&#x179C;&#x1797;&#x17C5;&#x1798;&#x17C9;&#x17BB;&#x1793;&#x178F;&#x17C1;&#x179F;&#x17BC;&#x179A;&#x17B8; &#x179F;&#x17D2;&#x178A;&#x17B8;&#x1796;&#x17B8; &#x1780;&#x17B6;&#x179A;&#x179F;&#x1798;&#x17D2;&#x179A;&#x1794;&#x179F;&#x1798;&#x17D2;&#x179A;&#x17BD;&#x179B; &#x1793;&#x17B7;&#x1784; &#x1794;&#x17C6;&#x178E;&#x17B7;&#x1793;&#x1787;&#x17B8;&#x179C;&#x17B7;&#x178F; / </subfield>
    <subfield code="b">&#x1780;&#x17B6;&#x179A;&#x1785;&#x1789;&#x17D2;&#x1785;&#x17B9;&#x1798;&#x1780;&#x17BC;&#x1793;&#x17B3;&#x17D2;&#x1799;&#x1798;&#x17B6;&#x1793;&#x1782;&#x17C6;&#x1793;&#x17B7;&#x178F;&#x1785;&#x17D2;&#x1793;&#x17C3;&#x1794;&#x17D2;&#x179A;&#x178C;&#x17B7;&#x178F;&#x1793;&#x17B7;&#x1784;&#x1791;&#x17C6;&#x1793;&#x17BB;&#x1780;&#x1785;&#x17B7;&#x178F;&#x17D2;&#x178F; : </subfield>
    <subfield code="c">&#x1793;&#x17B7;&#x1796;&#x1793;&#x17D2;&#x1792;&#x178A;&#x17C4;&#x1799; &#x1798;&#x17C9;&#x17B6;&#x1785;&#x17B6; &#x200B;&#x1796;&#x17B8;&#x178F;&#x17B6;&#x1798;&#x17B8;&#x1780; - &#x1794;&#x1780;&#x1794;&#x17D2;&#x179A;&#x17C2;&#x1796;&#x17B8;&#x1797;&#x17B6;&#x179F;&#x17B6;&#x17A2;&#x1784;&#x17CB;&#x1782;&#x17D2;&#x179B;&#x17C1;&#x179F;&#x178A;&#x17C4;&#x1799; &#x1794;&#x17CA;&#x17BB;&#x178F; &#x179F;&#x17BB;&#x1795;&#x179B; </subfield>
  </datafield>
  <datafield tag="250" ind1=" " ind2=" ">
    <subfield code="a">&#x1794;&#x17C4;&#x17C7;&#x1796;&#x17BB;&#x1798;&#x17D2;&#x1796;&#x179B;&#x17BE;&#x1780;&#x1791;&#x17B8;&#x17E2;&#x200B; &#x1780;&#x1780;&#x17D2;&#x1780;&#x178A;&#x17B6; &#x17E2;&#x17E0;&#x17E2;&#x17E1; </subfield>
  </datafield>
  <datafield tag="260" ind1=" " ind2=" ">
    <subfield code="a">Phnom Penh : </subfield>
    <subfield code="b">Sipar, </subfield>
    <subfield code="c">2021.</subfield>
  </datafield>
  <datafield tag="300" ind1=" " ind2=" ">
    <subfield code="a">176 pages : </subfield>
    <subfield code="b">color illustrations ; </subfield>
    <subfield code="c">22 cm </subfield>
  </datafield>
  <datafield tag="505" ind1=" " ind2=" ">
    <subfield code="a">Z'
</subfield>
  </datafield>
  <datafield tag="520" ind1=" " ind2=" ">
    <subfield code="a">&#x179F;&#x17C0;&#x179C;&#x1797;&#x17C5;&#x1798;&#x17C9;&#x17BB;&#x1793;&#x178F;&#x17C1;&#x179F;&#x17BC;&#x179A;&#x17B8; &#x179F;&#x17D2;&#x178A;&#x17B8;&#x1796;&#x17B8;&#x1780;&#x17B6;&#x179A;&#x179F;&#x1798;&#x17D2;&#x179A;&#x1794;&#x179F;&#x1798;&#x17D2;&#x179A;&#x17BD;&#x179B; &#x1793;&#x17B7;&#x1784; &#x1794;&#x17C6;&#x178E;&#x17B7;&#x1793;&#x1787;&#x17B8;&#x179C;&#x17B7;&#x178F; &#x1795;&#x17D2;&#x17A2;&#x17C2;&#x1780;&#x179B;&#x17BE;&#x1782;&#x17C4;&#x179B;&#x1780;&#x17B6;&#x179A;&#x178E;&#x17CD;&#x179F;&#x1798;&#x179F;&#x17D2;&#x179A;&#x1794;&#x1793;&#x17C3;&#x1780;&#x17B6;&#x179A;&#x17A2;&#x1797;&#x17B7;&#x179C;&#x178C;&#x17D2;&#x178D;&#x1780;&#x17BB;&#x1798;&#x17B6;&#x179A;&#x178F;&#x17BC;&#x1785;&#x17D4; &#x179F;&#x1780;&#x1798;&#x17D2;&#x1798;&#x1797;&#x17B6;&#x1796;&#x17A2;&#x1793;&#x17BB;&#x179C;&#x178F;&#x17D2;&#x178F;&#x1785;&#x17C6;&#x1793;&#x17BD;&#x1793; &#x17E7;&#x17E7; &#x1793;&#x17B9;&#x1784;&#x1787;&#x17BD;&#x1799;&#x1780;&#x17BB;&#x1798;&#x17B6;&#x179A;&#x178F;&#x17BC;&#x1785; &#x17B3;&#x17D2;&#x1799;&#x1785;&#x17C1;&#x17C7;&#x1794;&#x17C6;&#x178E;&#x17B7;&#x1793;&#x1787;&#x17B8;&#x179C;&#x17B7;&#x178F;&#x179F;&#x17C6;&#x1781;&#x17B6;&#x1793;&#x17CB;&#x17D7; &#x178A;&#x17C4;&#x1799;&#x1780;&#x17B6;&#x179A;&#x1787;&#x17BD;&#x1799;&#x1782;&#x17B6;&#x17C6;&#x1791;&#x17D2;&#x179A;&#x1796;&#x17B8;&#x1798;&#x1793;&#x17BB;&#x179F;&#x17D2;&#x179F;&#x1792;&#x17C6;&#x17D4; </subfield>
  </datafield>
  <datafield tag="520" ind1=" " ind2=" ">
    <subfield code="a">Montessori book on adaptation and life skills based on appropriate principles of early childhood development. 77 practice activities will help young children learn important life skills with the support of adults.</subfield>
  </datafield>
  <datafield tag="521" ind1="8" ind2=" ">
    <subfield code="a">920

</subfield>
    <subfield code="b">Lexile estimate
</subfield>
  </datafield>
  <datafield tag="521" ind1="8" ind2=" ">
    <subfield code="a">Z'
</subfield>
    <subfield code="b">Raz-Plus
</subfield>
  </datafield>
  <datafield tag="650" ind1=" " ind2=" ">
    <subfield code="a">&#x1798;&#x17C9;&#x17BB;&#x1793;&#x178F;&#x17C1;&#x179F;&#x17BC;&#x179A;&#x17B8;</subfield>
    <subfield code="v"> &#x17A2;&#x1793;&#x17BB;&#x179C;&#x178F;&#x17D2;&#x178F; </subfield>
    <subfield code="x">&#x1782;&#x17B6;&#x17C6;&#x1791;&#x17D2;&#x179A; </subfield>
  </datafield>
  <datafield tag="650" ind1=" " ind2=" ">
    <subfield code="a">Montessori </subfield>
    <subfield code="v">Practice </subfield>
    <subfield code="x">Support </subfield>
  </datafield>
  <datafield tag="942" ind1=" " ind2=" ">
    <subfield code="2">ddc</subfield>
    <subfield code="c">KHB</subfield>
    <subfield code="n">0</subfield>
  </datafield>
  <datafield tag="999" ind1=" " ind2=" ">
    <subfield code="c">1715</subfield>
    <subfield code="d">1715</subfield>
  </datafield>
  <datafield tag="952" ind1=" " ind2=" ">
    <subfield code="0">0</subfield>
    <subfield code="1">0</subfield>
    <subfield code="2">ddc</subfield>
    <subfield code="4">0</subfield>
    <subfield code="7">0</subfield>
    <subfield code="8">KH</subfield>
    <subfield code="a">001</subfield>
    <subfield code="b">001</subfield>
    <subfield code="c">KHRS</subfield>
    <subfield code="d">2023-09-19</subfield>
    <subfield code="l">1</subfield>
    <subfield code="o">PYT 612.6</subfield>
    <subfield code="p">2023-0659</subfield>
    <subfield code="q">2026-04-15</subfield>
    <subfield code="r">2026-04-01 08:19:00</subfield>
    <subfield code="s">2026-04-01</subfield>
    <subfield code="t">1</subfield>
    <subfield code="w">2023-09-19</subfield>
    <subfield code="y">KHB</subfield>
  </datafield>
  <datafield tag="952" ind1=" " ind2=" ">
    <subfield code="0">0</subfield>
    <subfield code="1">0</subfield>
    <subfield code="2">ddc</subfield>
    <subfield code="4">0</subfield>
    <subfield code="7">0</subfield>
    <subfield code="8">KH</subfield>
    <subfield code="a">002</subfield>
    <subfield code="b">002</subfield>
    <subfield code="c">SKB</subfield>
    <subfield code="d">2023-09-19</subfield>
    <subfield code="l">1</subfield>
    <subfield code="o">PYT 612.6</subfield>
    <subfield code="p">2023-0660</subfield>
    <subfield code="r">2026-01-30 10:33:12</subfield>
    <subfield code="s">2025-09-30</subfield>
    <subfield code="t">2</subfield>
    <subfield code="w">2023-09-19</subfield>
    <subfield code="y">KHB</subfield>
  </datafield>
</record>
